00968cam a22002651 4500001001300000003000400013005001700017008004100034010001700075035001900092040002400111042001200135050002400147110002800171245017700199260002000376300003700396500006400433650003700497650004100534650004200575700003900617710002900656999001700685gs 48000353 DLC20260227111354.0761116s1947 txu 000 0 eng  ags 48000353  a(OCoLC)2560501 aDLCcTxdOCoLCdDLC apremarc00aGB1025.T4bA5 1947b2 aTexas Water Commission.10aGeology and ground water resources of Caldwell County, Texas,cby W. C. Rasmussen. Prepared in cooperation with the United States Dept. of the Interior, Geological Survey. a[Austin]c1947. a59 p.bplate, fold. map.c27 cm. aU.S. Geological Survey. Library. for Library of Congress. 0aGeologyzTexaszCaldwell County. 0aGroundwaterzTexaszCaldwell County. 0aWater-supplyzTexaszCaldwell County.1 aRasmussen, William Charles,d1917-2 aGeological Survey (U.S.) c28309d28309